Pokémon - Bekannte Trainer aus Kalos - Statistiken

Allgemein
  • Dieses Quiz wurde 53 mal gespielt
    52 seit der letzten Aktualisierung
  • Das Durchschnittsergebnis liegt bei 77 aus 97
Antwortstatistiken
Pokémon % Korrekt
Balgoras
98%
Amagarga
96%
Amarino
96%
Monargoras
96%
Resladero
96%
Vivillon
96%
Amphizel
94%
Brigaron
94%
Durengard
94%
Feelinara
94%
Fennexis
94%
Lucario
94%
Chevrumm
92%
Igastarnish
92%
Pyroleo
92%
Quajutsu
92%
Rutena
92%
Wummer
92%
Arktilas
90%
Bisaflor
90%
Bisasam
90%
Froxy
90%
Fynx
90%
Gehweiher
90%
Glumanda
90%
Glurak
90%
Guardevoir
90%
Igamaro
90%
Maskeregen
90%
Psiau
90%
Psiaugon
90%
Tandrak
90%
Turtok
90%
Elezard
88%
Fiaro
88%
Garados
88%
Maschock
88%
Schiggy
88%
Machomei
85%
Pantimos
85%
Rexblisar
85%
Viscogon
85%
Emolga
83%
Lin-Fu
83%
Pikachu
83%
Clavion
81%
Magneton
81%
Magnezone
81%
Pumpdjinn
81%
Thanathora
81%
Wie-Shu
81%
Florges
79%
Flunkifer
79%
Iksbat
79%
Papungha
79%
Qurtel
79%
Raichu
79%
UHaFnir
79%
Ultrigaria
79%
Dartiri
77%
Frigometri
77%
Golgantes
77%
Sarzenia
77%
Scherox
77%
Shardrago
77%
Symvolara
77%
Altaria
75%
Flabébé
75%
Krebscorps
75%
Krebutack
75%
Laschoking
75%
Voluminas
75%
Absol
73%
Calamanero
73%
Kramshef
73%
Skelabra
73%
Aquana
71%
Blitza
71%
Flamara
71%
Kramurx
71%
Pixi
71%
Roserade
71%
Aerodactyl
69%
Starmie
67%
Hundemon
65%
Magnayen
65%
Piondragi
54%
Enekoro
52%
Snibunna
52%
Voltenso
52%
Kleoparda
50%
Ramoth
50%
Apoquallyp
46%
Caesurio
46%
Elfun
44%
Granbull
44%
Snobilikat
42%
Keine übereinstimmenden Quizze gefunden
Verteilung der Resultate
Anzahl Personen mit jedem Resultat
Perzentil nach korrekt beantworteten Fragen
Ihre Resultats-Entwicklung
Sie haben dieses Quiz seit der letzten Aktualisierung nicht gespielt